000
00307nam a22001337a 4500
008
170531b xxu||||| |||| 00| 0 eng d
020
_a
03957967093
041
_a
eng
080
_2
3 ED
_a
94
100
_a
17
101
_a
SHH
245
_a
DISCOVERING THE WETERN PAST
_c
WHEELER.W.R
942
_2
udc
_c
BK
999
_c
15130
_d
15130